El mundo finito : desarrollo sustentable en el siglo de oro de la humanidad /

Carlos Amador ofrece un panorama sobre la viabilidad del estado actual de la humanidad como sociedad y como especie. Parte de la tesis de que el hombre está viviendo una “época de oro” y que este hecho ha creado la ilusión de que el progreso humano es infinito, percepción falsa por infundada: nada p...

Full description

Bibliographic Details
Main Author: Amador, Carlos
Format: Libro
Language:Spanish
Published: México Fondo de Cultura Económica 2010
Series:Popular 698
Subjects:
Online Access:

MARC

LEADER 00000cam a2200000 a 4500
001 017904
003 UAHC_CL
005 20170803121546.0
008 150826s2010 mx 000 spa
020 |a 9786071604293 
040 |a UAHC_CL  |c UAHC_CL  |d UAHC_CL 
082 0 4 |a 574.5  |b A481  |2 20 
100 1 |a Amador, Carlos 
245 1 3 |a El mundo finito :  |b desarrollo sustentable en el siglo de oro de la humanidad /  |c Carlos Amador. 
260 |b Fondo de Cultura Económica  |a México  |c 2010 
300 |a 206 p. 
490 0 |a Popular  |v 698 
520 |a Carlos Amador ofrece un panorama sobre la viabilidad del estado actual de la humanidad como sociedad y como especie. Parte de la tesis de que el hombre está viviendo una “época de oro” y que este hecho ha creado la ilusión de que el progreso humano es infinito, percepción falsa por infundada: nada puede crecer i ndefinidamente en un mundo finito. 
650 4 |a DESARROLLO SUSTENTABLE 
650 4 |a ECOLOGIA 
650 4 |a POLITICA AMBIENTAL 
650 4 |a DESARROLLO ECONOMICO  |x ASPECTOS AMBIENTALES 
653 |a GEOGRAFIA 
653 |a INGENIERIA DE EJECUCION EN GESTION AMBIENTAL 
900 |a 574.5 AMA 
942 |c BK 
952 |0 0  |1 0  |4 0  |6 574_500000000000000_AMA  |7 0  |8 General  |9 35837  |a BC  |b BC  |c General  |d 2017-08-03  |l 0  |o 574.5 AMA  |p 1430297  |r 2026-01-13 00:00:00  |t 1  |w 2017-08-03  |y BK 
952 |0 0  |1 0  |4 0  |6 574_500000000000000_AMA  |7 0  |8 General  |9 35838  |a BC  |b BC  |c General  |d 2017-08-03  |l 0  |o 574.5 AMA  |p 1430298  |r 2026-01-13 00:00:00  |t 2  |w 2017-08-03  |y BK 
999 |c 17904  |d 17904